| 000 | 00631nam a22001577a 4500 | ||
|---|---|---|---|
| 008 | 230510s2019 xxk|||||o|||| 00| 0 eng d | ||
| 041 | _aeng | ||
| 110 | _aRoyal Institution of Chartered Surveyors | ||
| 245 | _aCarol service order of service | ||
| 260 |
_aLondon, _bRoyal Institution of Chartered Surveyors & Institution of Civil Engineers, _c9 December 2019 |
||
| 300 | _a16p. | ||
| 520 | _aOrder of service for the RICS & ICE join carol service held at St Margaret's Church, Westminster Abbey on Monday 9th of December 2019. | ||
| 651 | _aUnited Kingdom | ||
| 710 | _aRoyal Institution of Chartered Surveyors | ||
| 942 | _n0 | ||
| 999 |
_c121484 _d121484 |
||